LEADER 01196nam 2200421 450 001 9910150555603321 010 $a1-78707-034-4 010 $a1-78707-035-2 035 $a(CKB)3710000000943802 035 $a(MiAaPQ)EBC4740724 035 $a(PPN)229200680 035 $a(EXLCZ)993710000000943802 100 $a20161123h20162016 uy 0 101 0 $aeng 135 $aurcnu|||||||| 181 $2rdacontent 182 $2rdamedia 183 $2rdacarrier 200 00$aCold war cities $ehistory, culture and memory /$fKatia Pizzi, Marjatta Hietala (eds) 210 1$aBern, Switzerland :$cPeter Lang,$d2016. 210 4$d©2016 215 $a1 online resource (330 pages) $cillustrations 225 1 $aCultural Memories,$x2235-2325 ;$vVolume 4 300 $aIncludes index. 311 $a3-0343-1766-2 410 0$aCultural memories ;$vVolume 4. 606 $aCold War$xHistory 615 0$aCold War$xHistory. 676 $a909.825 702 $aPizzi$b Katia 702 $aHietala$b Marjatta 801 0$bMiAaPQ 801 1$bMiAaPQ 801 2$bMiAaPQ 906 $aBOOK 912 $a9910150555603321 996 $aCold war cities$92866473 997 $aUNINA LEADER 03397 am 2200553 n 450 001 9910516000903321 005 20240104030712.0 010 $a2-38377-032-9 024 7 $a10.4000/books.pubp.1938 035 $a(CKB)5100000000162494 035 $a(FrMaCLE)OB-pubp-1938 035 $a(PPN)259402672 035 $a(EXLCZ)995100000000162494 100 $a20211214j|||||||| ||| 0 101 0 $afre 135 $auu||||||m|||| 200 00$aEmily Dickinson du côté de Shakespeare$eModalités théâtrales du lyrisme$fAdeline Chevrier-Bosseau 210 $aClermont-Ferrand$cPresses universitaires Blaise-Pascal$d2021 215 $a1 online resource (392 p.) 311 $a2-84516-931-0 330 $aLa poésie d?Emily Dickinson dévoile un lyrisme théâtralisé : chaque poème devient une scène où évolue une voix qui se travestit, s?altère, se diffracte en divers échos. Très influencée par l??uvre de Shakespeare, mais également par la théâtralité ambiante de l?Amérique victorienne, Dickinson met en scène le sujet lyrique dans ce qu?il a de plus théâtral. La théâtralité de référence étant celle du dramaturge et poète élisabéthain, cette « contamination » du théâtre nous incite à élargir notre conception du lyrisme. Si l?on observe des résurgences ironiques d?une conception traditionnelle du lyrisme comme un épanchement intime, ce dernier est surtout à envisager en termes de dynamique, d?énergie. Le théâtre est pour Emily Dickinson le lieu autre où le lyrisme s?altère plus avant, la structure nodale de l?écriture lyrique et son c?ur battant, le lieu de sa revitalisation. Emily Dickinson?s poetry showcases a dramatic kind of lyricism: each poem becomes a scene where the lyric voice changes shape, tone, and even gender. Strongly influenced by Shakespeare?s work and by the extremely theatrical culture of Victorian America, Dickinson stages the lyrical self at its most theatrical. The fact that the Elizabethan playwright and poet?s idiosyncratic theater was the main reference for Dickinson?s conception of drama and theatricality invites us to broaden our conception of lyricism. Although some recurrences of a more traditional approach to lyricism as an outpouring of intimate feelings appear at times ? mostly tainted with a great deal of irony ? lyricism will mainly be considered as the energy fueling life into the poem. The theater is for Emily Dickinson the spring of this lyrical energy, the transformative force and the crucial structure at the heart of her poetic writing. 606 $aPoetry 606 $aDickinson (Emily) 606 $aShakespeare 606 $alyrisme 606 $athéâtralité 606 $aÉtats-Unis 606 $aXIXe siècle 606 $alyricism 606 $adrama 606 $aUnited States 606 $a19th century 615 4$aPoetry 615 4$aDickinson (Emily) 615 4$aShakespeare 615 4$alyrisme 615 4$athéâtralité 615 4$aÉtats-Unis 615 4$aXIXe siècle 615 4$alyricism 615 4$adrama 615 4$aUnited States 615 4$a19th century 700 $aChevrier-Bosseau$b Adeline$01457229 801 0$bFR-FrMaCLE 906 $aBOOK 912 $a9910516000903321 996 $aEmily Dickinson du côté de Shakespeare$93657855 997 $aUNINA